| 000 | 00651nam a22002057a 4500 | ||
|---|---|---|---|
| 999 |
_c8967 _d8967 |
||
| 003 | AR-CdUCM | ||
| 008 | 190327b ||||| |||| 00| 0 spa d | ||
| 040 |
_aMUNICIPALIDAD PROVINCIAL DEL CUSCO _cBIBLIOTECA MUNICIPAL DEL CUSCO |
||
| 082 |
_a801.951 / _bF47 |
||
| 110 |
_aMunicipalidad Provincial Fronteriza de Sullana _924870 |
||
| 245 | _aFiesta en Noviembre / | ||
| 260 |
_aPerú : _bFondo Editorial Municipal. |
||
| 300 |
_a94 páginas ; _c21cm |
||
| 505 | _aContenido: Poesía | ||
| 650 |
_aLiteratura peruana _97175 |
||
| 650 |
_aPoesía peruana _911982 |
||
| 710 |
_aCaja Municipal Sullana _924871 |
||
| 942 |
_2ddc _cLIBROS |
||
| 945 | _anom | ||